Mechanical engineering design (Record no. 8462)

000 -LEADER
fixed length control field 00517 a2200181 4500
020 ## - INTERNATIONAL STANDARD BOOK NUMBER
International Standard Book Number 0073659398
040 ## - CATALOGING SOURCE
Original cataloging agency DLC
082 ## - DEWEY DECIMAL CLASSIFICATION NUMBER
Classification number 621.815
100 1# - MAIN ENTRY--PERSONAL NAME
Personal name Shigley, Joseph Edward.
245 10 - TITLE STATEMENT
Title Mechanical engineering design
Statement of responsibility, etc. Joseph Edward Shigley, Charles R. Mischke.
250 ## - EDITION STATEMENT
Edition statement 6th ed.
260 ## - PUBLICATION, DISTRIBUTION, ETC.
Place of publication, distribution, etc. Boston, Mass. :
Name of publisher, distributor, etc. McGraw Hill,
Date of publication, distribution, etc. 2001.
300 ## - PHYSICAL DESCRIPTION
Extent xxxi, 1248 p. :
Other physical details ill. ;
Dimensions 26 cm.
500 ## - GENERAL NOTE
General note Includes index.
650 #0 - SUBJECT ADDED ENTRY--TOPICAL TERM
Topical term or geographic name entry element Machine design.
700 1# - ADDED ENTRY--PERSONAL NAME
Personal name Mischke, Charles R.
942 ## - ADDED ENTRY ELEMENTS (KOHA)
Koha item type Book
Call number prefix 621.815 SHI
Source of classification or shelving scheme
Holdings
Withdrawn status Lost status Damaged status Not for loan Collection code Permanent Location Current Location Shelving location Date acquired Total Checkouts Total Renewals Full call number Barcode Date last seen Date last checked out Price effective from Koha item type
          Central Library (CL) Central Library (CL) General Stacks 06/02/2014 2 3 621.815 SHI SEECSD00037 12/01/2023 11/15/2023 01/05/2017 Book
          Central Library (CL) Central Library (CL) General Stacks 06/02/2014 2   621.815 SHI SEECSD00076 03/27/2025 02/07/2020 01/05/2017 Book
© 2023 Central Library, National University of Sciences and Technology. All Rights Reserved.